[Event "Stay Safe Play From Home 274"]
[Site "Emanuel Lasker Arena"]
[Date "2020.07.03"]
[Round "5"]
[White "The Next Contender"]
[Black "NeatFox"]
[Result "0-1"]
[WhiteElo "2007"]
[BlackElo "1974"]
[PlyCount "112"]
[EventDate "2020.07.03"]
[EventType "swiss (blitz)"]

1. d4 {[%emt 0:00:01]} d5 {[%emt 0:00:01]} 2. c4 {[%emt 0:00:00]} e6 {[%emt 0:00:01]} 3. Nf3 {[%emt 0:00:01]} Nf6 {[%emt 0:00:00]} 4. g3 {[%emt 0:00:00]} Nbd7 {[%emt 0:00:00]} 5. Bg2 {[%emt 0:00:00]} c6 {[%emt 0:00:00]} 6. O-O {[%emt 0:00:00]} dxc4 {[%emt 0:00:01]} 7. Nbd2 {[%emt 0:00:02]} b5 {[%emt 0:00:01]} 8. Ne5 {[%emt 0:00:04]} Nxe5 {[%emt 0:00:01]} 9. dxe5 {[%emt 0:00:00]} Nd5 {[%emt 0:00:02]} 10. Nb1 {[%emt 0:00:02]} Bb7 {[%emt 0:00:01]} 11. a4 {[%emt 0:00:03]} a6 {[%emt 0:00:01]} 12. axb5 {[%emt 0:00:01]} cxb5 {[%emt 0:00:00]} 13. Nc3 {[%emt 0:00:02]} Bb4 {[%emt 0:00:03]} 14. Bd2 {[%emt 0:00:03]} Bxc3 {[%emt 0:00:01]} 15. Bxc3 {[%emt 0:00:01]} O-O {[%emt 0:00:03]} 16. Bb4 {[%emt 0:00:02]} Nxb4 {[%emt 0:00:02]} 17. Bxb7 {[%emt 0:00:01]} Qxd1 {[%emt 0:00:01]} 18. Rfxd1 {[%emt 0:00:00]} Ra7 {[%emt 0:00:01]} 19. Be4 {[%emt 0:00:03]} Nd5 {[%emt 0:00:01]} 20. Bxd5 {[%emt 0:00:02]} exd5 {[%emt 0:00:00]} 21. Rxd5 {[%emt 0:00:00]} Re8 {[%emt 0:00:00]} 22. Rd6 {[%emt 0:00:01]} a5 {[%emt 0:00:02]} 23. Rd5 {[%emt 0:00:01]} Rb8 {[%emt 0:00:01]} 24. Rad1 {[%emt 0:00:02]} g6 {[%emt 0:00:00]} 25. Ra1 {[%emt 0:00:03]} Kg7 {[%emt 0:00:04]} 26. e4 {[%emt 0:00:01]} Kh6 {[%emt 0:00:01]} 27. Kf1 {[%emt 0:00:01]} Kg5 {[%emt 0:00:01]} 28. h3 {[%emt 0:00:01]} h5 {[%emt 0:00:01]} 29. Ke2 {[%emt 0:00:01]} Kh6 {[%emt 0:00:01]} 30. Ke3 {[%emt 0:00:01]} Kg7 {[%emt 0:00:01]} 31. Kd4 {[%emt 0:00:01]} Kf8 {[%emt 0:00:00]} 32. Kc5 {[%emt 0:00:03]} Ke7 {[%emt 0:00:01]} 33. Rd6 {[%emt 0:00:01]} Rc8+ {[%emt 0:00:01]} 34. Kxb5 {[%emt 0:00:01]} Rb7+ {[%emt 0:00:01]} 35. Ka4 {[%emt 0:00:02]} Rb4+ {[%emt 0:00:02]} 36. Ka3 {[%emt 0:00:01]} Rcb8 {[%emt 0:00:02]} 37. Rb1 {[%emt 0:00:03]} a4 {[%emt 0:00:02]} 38. Ra6 {[%emt 0:00:03]} Rb3+ {[%emt 0:00:01]} 39. Ka2 {[%emt 0:00:00]} c3 {[%emt 0:00:02]} 40. Rxa4 {[%emt 0:00:02]} Rxb2+ {[%emt 0:00:02]} 41. Rxb2 {[%emt 0:00:01]} Rxb2+ {[%emt 0:00:00]} 42. Ka1 {[%emt 0:00:01]} Rb8 {[%emt 0:00:02]} 43. Rc4 {[%emt 0:00:01]} Ke6 {[%emt 0:00:02]} 44. Rxc3 {[%emt 0:00:01]} Kxe5 {[%emt 0:00:00]} 45. Re3 {[%emt 0:00:01]} f5 {[%emt 0:00:01]} 46. exf5+ {[%emt 0:00:01]} Kxf5 {[%emt 0:00:00]} 47. Ka2 {[%emt 0:00:01]} Kg5 {[%emt 0:00:00]} 48. f4+ {[%emt 0:00:01]} Kf5 {[%emt 0:00:01]} 49. Re5+ {[%emt 0:00:00]} Kf6 {[%emt 0:00:00]} 50. Rg5 {[%emt 0:00:01]} Kg7 {[%emt 0:00:01]} 51. h4 {[%emt 0:00:00]} Kh6 {[%emt 0:00:00]} 52. Ka3 {[%emt 0:00:00]} Kg7 {[%emt 0:00:00]} 53. Ka4 {[%emt 0:00:00]} Kh7 {[%emt 0:00:00]} 54. Ka5 {[%emt 0:00:00]} Rb1 {[%emt 0:00:00]} 55. Ka6 {[%emt 0:00:00]} Rb3 {[%emt 0:00:01]} 56. Ka5 {[%emt 0:00:00]} Kg7 {[%emt 0:00:01] Time (Lag: Av=0.55s, max=1.2s)} 0-1

[Event "Stay Safe Play From Home 274"]
[Site "Emanuel Lasker Arena"]
[Date "2020.07.03"]
[Round "5"]
[White "Buzaglo"]
[Black "Trotsky"]
[Result "1-0"]
[WhiteElo "1906"]
[BlackElo "1620"]
[PlyCount "73"]
[EventDate "2020.07.03"]
[EventType "swiss (blitz)"]

1. d4 {[%emt 0:00:01]} d5 {[%emt 0:00:01]} 2. Nf3 {[%emt 0:00:00]} e6 {[%emt 0:00:00]} 3. g3 {[%emt 0:00:00]} c5 {[%emt 0:00:01]} 4. Bg2 {[%emt 0:00:00]} Nc6 {[%emt 0:00:01]} 5. O-O {[%emt 0:00:01]} Nf6 {[%emt 0:00:01]} 6. c3 {[%emt 0:00:01]} c4 {[%emt 0:00:01]} 7. Re1 {[%emt 0:00:02]} Bd6 {[%emt 0:00:01]} 8. Nbd2 {[%emt 0:00:00]} Qc7 {[%emt 0:00:01]} 9. e4 {[%emt 0:00:00]} Bd7 {[%emt 0:00:01]} 10. e5 {[%emt 0:00:01]} Nxe5 {[%emt 0:00:01]} 11. dxe5 {[%emt 0:00:00]} Ng4 {[%emt 0:00:01]} 12. h3 {[%emt 0:00:03]} h5 {[%emt 0:00:04]} 13. exd6 {[%emt 0:00:05]} Qxd6 {[%emt 0:00:01]} 14. hxg4 {[%emt 0:00:02]} hxg4 {[%emt 0:00:01]} 15. Nd4 {[%emt 0:00:01]} O-O-O {[%emt 0:00:02]} 16. b3 {[%emt 0:00:02]} e5 {[%emt 0:00:01]} 17. Ne2 {[%emt 0:00:02]} e4 {[%emt 0:00:01]} 18. Nd4 {[%emt 0:00:01]} Rh7 {[%emt 0:00:03]} 19. bxc4 {[%emt 0:00:01]} Rdh8 {[%emt 0:00:01]} 20. cxd5 {[%emt 0:00:03]} Qh6 {[%emt 0:00:02]} 21. Kf1 {[%emt 0:00:01]} g5 {[%emt 0:00:05]} 22. Nxe4 {[%emt 0:00:01]} f5 {[%emt 0:00:01]} 23. Nc5 {[%emt 0:00:01]} f4 {[%emt 0:00:02]} 24. Nxd7 {[%emt 0:00:04]} f3 {[%emt 0:00:03]} 25. Bxf3 {[%emt 0:00:01]} gxf3 {[%emt 0:00:02]} 26. Qxf3 {[%emt 0:00:00]} Qh3+ {[%emt 0:00:02]} 27. Qg2 {[%emt 0:00:02]} Qxd7 {[%emt 0:00:03]} 28. Ne6 {[%emt 0:00:02]} Rh1+ {[%emt 0:00:01]} 29. Ke2 {[%emt 0:00:03]} Qb5+ {[%emt 0:00:04]} 30. Kd2 {[%emt 0:00:04]} Rxe1 {[%emt 0:00:02]} 31. Kxe1 {[%emt 0:00:01]} Qc4 {[%emt 0:00:03]} 32. Kd2 {[%emt 0:00:05]} Re8 {[%emt 0:00:01]} 33. Kc2 {[%emt 0:00:01]} Qa4+ {[%emt 0:00:02]} 34. Kb2 {[%emt 0:00:01]} b6 {[%emt 0:00:01]} 35. Qf3 {[%emt 0:00:02]} Qb5+ {[%emt 0:00:02]} 36. Kc2 {[%emt 0:00:01] .} a5 {[%emt 0:00:01]} 37. Qd3 {[%emt 0:00:00] Âðåìÿ (Lag: Av=0.36s, max=0.5s)} 1-0

[Event "Stay Safe Play From Home 274"]
[Site "Emanuel Lasker Arena"]
[Date "2020.07.03"]
[Round "5"]
[White "Grizzzly"]
[Black "SecantFX"]
[Result "1-0"]
[WhiteElo "1845"]
[BlackElo "1971"]
[PlyCount "65"]
[EventDate "2020.07.03"]
[EventType "swiss (blitz)"]

1. d4 {[%emt 0:00:01]} b6 {[%emt 0:00:00]} 2. e4 {[%emt 0:00:01]} Bb7 {[%emt 0:00:00]} 3. Bd3 {[%emt 0:00:00]} g6 {[%emt 0:00:00]} 4. Qe2 {[%emt 0:00:00]} Bg7 {[%emt 0:00:00]} 5. c3 {[%emt 0:00:01]} e6 {[%emt 0:00:01]} 6. Nf3 {[%emt 0:00:00]} Ne7 {[%emt 0:00:00]} 7. O-O {[%emt 0:00:01]} O-O {[%emt 0:00:00]} 8. Bg5 {[%emt 0:00:02]} f5 {[%emt 0:00:00]} 9. e5 {[%emt 0:00:02]} h6 {[%emt 0:00:00]} 10. Bxe7 {[%emt 0:00:03]} Qxe7 {[%emt 0:00:01]} 11. Nbd2 {[%emt 0:00:00]} g5 {[%emt 0:00:01]} 12. h3 {[%emt 0:00:02]} Nc6 {[%emt 0:00:01]} 13. Bb5 {[%emt 0:00:01]} Nd8 {[%emt 0:00:01]} 14. Bd3 {[%emt 0:00:01]} Nf7 {[%emt 0:00:02]} 15. c4 {[%emt 0:00:02]} Rae8 {[%emt 0:00:01]} 16. Rae1 {[%emt 0:00:01]} d6 {[%emt 0:00:01]} 17. exd6 {[%emt 0:00:01]} cxd6 {[%emt 0:00:00]} 18. Bxf5 {[%emt 0:00:03]} Nd8 {[%emt 0:00:03]} 19. Bd3 {[%emt 0:00:02]} Qf6 {[%emt 0:00:01]} 20. Ne4 {[%emt 0:00:01]} Bxe4 {[%emt 0:00:02]} 21. Qxe4 {[%emt 0:00:01]} e5 {[%emt 0:00:03]} 22. Qh7+ {[%emt 0:00:02]} Kf7 {[%emt 0:00:01]} 23. dxe5 {[%emt 0:00:01]} dxe5 {[%emt 0:00:00]} 24. Nxe5+ {[%emt 0:00:01]} Rxe5 {[%emt 0:00:02]} 25. Rxe5 {[%emt 0:00:02]} Qxe5 {[%emt 0:00:00]} 26. Qg6+ {[%emt 0:00:01]} Ke7 {[%emt 0:00:01]} 27. Rd1 {[%emt 0:00:02]} Ne6 {[%emt 0:00:02]} 28. c5 {[%emt 0:00:02]} bxc5 {[%emt 0:00:01]} 29. Bc4 {[%emt 0:00:01]} Rf6 {[%emt 0:00:01]} 30. Qh5 {[%emt 0:00:05]} Kf8 {[%emt 0:00:02]} 31. Bxe6 {[%emt 0:00:02]} Qxe6 {[%emt 0:00:01]} 32. Rd8+ {[%emt 0:00:01]} Qe8 {[%emt 0:00:02]} 33. Rxe8# {[%emt 0:00:01] (Lag: Av=0.31s, max=0.7s)} 1-0

[Event "Stay Safe Play From Home 274"]
[Site "Emanuel Lasker Arena"]
[Date "2020.07.03"]
[Round "6"]
[White "Mepe_Nika"]
[Black "Broken sword"]
[Result "1/2-1/2"]
[WhiteElo "2370"]
[BlackElo "2465"]
[PlyCount "95"]
[EventDate "2020.07.03"]
[EventType "swiss (blitz)"]

1. d4 {[%emt 0:00:01]} d5 {[%emt 0:00:00]} 2. Bf4 {[%emt 0:00:00]} c6 {[%emt 0:00:00]} 3. e3 {[%emt 0:00:00]} Nf6 {[%emt 0:00:02]} 4. c4 {[%emt 0:00:00]} Nbd7 {[%emt 0:00:02]} 5. Nc3 {[%emt 0:00:00]} Nb6 {[%emt 0:00:01]} 6. c5 {[%emt 0:00:01]} Nbd7 {[%emt 0:00:00]} 7. h3 {[%emt 0:00:01]} g6 {[%emt 0:00:01]} 8. Nf3 {[%emt 0:00:01]} Bg7 {[%emt 0:00:00]} 9. Be2 {[%emt 0:00:00]} O-O {[%emt 0:00:00]} 10. O-O {[%emt 0:00:01]} Ne4 {[%emt 0:00:00]} 11. Nxe4 {[%emt 0:00:01]} dxe4 {[%emt 0:00:00]} 12. Nd2 {[%emt 0:00:01]} f5 {[%emt 0:00:00]} 13. f3 {[%emt 0:00:01]} exf3 {[%emt 0:00:01]} 14. Bxf3 {[%emt 0:00:00]} Nf6 {[%emt 0:00:00]} 15. Kh1 {[%emt 0:00:01]} Nd5 {[%emt 0:00:01]} 16. Bxd5+ {[%emt 0:00:02]} Qxd5 {[%emt 0:00:01]} 17. Qb3 {[%emt 0:00:01]} e6 {[%emt 0:00:00]} 18. Nc4 {[%emt 0:00:02]} Re8 {[%emt 0:00:01]} 19. Nd6 {[%emt 0:00:01]} Rd8 {[%emt 0:00:01]} 20. Qxd5 {[%emt 0:00:03]} exd5 {[%emt 0:00:01]} 21. b4 {[%emt 0:00:00]} Bf8 {[%emt 0:00:01]} 22. a4 {[%emt 0:00:01]} Bxd6 {[%emt 0:00:01]} 23. Bxd6 {[%emt 0:00:00]} Bd7 {[%emt 0:00:00]} 24. Rab1 {[%emt 0:00:02]} a6 {[%emt 0:00:00]} 25. Rf3 {[%emt 0:00:01]} Re8 {[%emt 0:00:00]} 26. Rbf1 {[%emt 0:00:01]} Re4 {[%emt 0:00:01]} 27. Be5 {[%emt 0:00:01]} Re8 {[%emt 0:00:01]} 28. Kg1 {[%emt 0:00:01]} h5 {[%emt 0:00:01]} 29. Kf2 {[%emt 0:00:01]} Kh7 {[%emt 0:00:00]} 30. Ke2 {[%emt 0:00:00]} Kg8 {[%emt 0:00:00]} 31. Kd3 {[%emt 0:00:01]} Kh7 {[%emt 0:00:01]} 32. Rf4 {[%emt 0:00:00]} Re7 {[%emt 0:00:01]} 33. R4f3 {[%emt 0:00:01]} Re8 {[%emt 0:00:01]} 34. Rf4 {[%emt 0:00:01]} Re7 {[%emt 0:00:00]} 35. Rxe4 {[%emt 0:00:00]} dxe4+ {[%emt 0:00:01]} 36. Kc4 {[%emt 0:00:01]} Be6+ {[%emt 0:00:01]} 37. Kc3 {[%emt 0:00:00]} Bd7 {[%emt 0:00:00]} 38. Kc4 {[%emt 0:00:02]} Re8 {[%emt 0:00:01]} 39. g3 {[%emt 0:00:04]} Be6+ {[%emt 0:00:01]} 40. Kc3 {[%emt 0:00:01]} Bd7 {[%emt 0:00:00]} 41. h4 {[%emt 0:00:00]} Be6 {[%emt 0:00:01]} 42. Rf2 {[%emt 0:00:01]} Bd7 {[%emt 0:00:00]} 43. Rb2 {[%emt 0:00:00]} Rc8 {[%emt 0:00:00]} 44. Kc4 {[%emt 0:00:01]} Re8 {[%emt 0:00:00]} 45. Kc3 {[%emt 0:00:00]} Rc8 {[%emt 0:00:01]} 46. Kc4 {[%emt 0:00:00]} Re8 {[%emt 0:00:01]} 47. Bd6 {[%emt 0:00:01]} Rc8 {[%emt 0:00:01]} 48. Be5 {[%emt 0:00:00] (Lag: Av=0.35s, max=0.7s)} 1/2-1/2

[Event "Stay Safe Play From Home 274"]
[Site "Emanuel Lasker Arena"]
[Date "2020.07.03"]
[Round "6"]
[White "BrainThinker22"]
[Black "Uber_WING"]
[Result "1-0"]
[WhiteElo "2338"]
[BlackElo "2400"]
[Annotator "NA"]
[PlyCount "49"]
[EventDate "2020.07.03"]
[EventType "swiss (blitz)"]

1. e4 {[%emt 0:00:01]} c5 {[%emt 0:00:01]} 2. Nc3 {[%emt 0:00:00]} Nc6 {[%emt 0:00:00]} 3. g3 {[%emt 0:00:00]} e5 {[%emt 0:00:00]} 4. Bg2 {[%emt 0:00:00]} d6 {[%emt 0:00:00]} 5. d3 {[%emt 0:00:00]} Bg4 {[%emt 0:00:00]} 6. Be3 {[%emt 0:00:00]} Bxd1 {[%emt 0:00:01]} 7. Rxd1 {[%emt 0:00:00]} Qc7 {[%emt 0:00:00]} 8. Nge2 {[%emt 0:00:00]} O-O-O {[%emt 0:00:00]} 9. O-O {[%emt 0:00:00]} f6 {[%emt 0:00:00]} 10. f4 {[%emt 0:00:00]} Nge7 {[%emt 0:00:00]} 11. fxe5 {[%emt 0:00:00]} Ng6 {[%emt 0:00:00]} 12. Nd5 {[%emt 0:00:00]} fxe5 {[%emt 0:00:00]} 13. Nxc7 {[%emt 0:00:01]} Kxc7 {[%emt 0:00:00]} 14. c3 {[%emt 0:00:00]} Be7 {[%emt 0:00:00]} 15. d4 {[%emt 0:00:00]} Rhe8 {[%emt 0:00:00]} 16. d5 {[%emt 0:00:01]} b6 {[%emt 0:00:00]} 17. dxc6 {[%emt 0:00:00]} Kxc6 {[%emt 0:00:01]} 18. c4 {[%emt 0:00:00]} Kc7 {[%emt 0:00:00]} 19. b3 {[%emt 0:00:00]} Bf6 {[%emt 0:00:00]} 20. Nc3 {[%emt 0:00:00]} Rf8 {[%emt 0:00:00]} 21. Nd5+ {[%emt 0:00:00]} Kd7 {[%emt 0:00:00]} 22. Nxf6+ {[%emt 0:00:00]} Rxf6 {[%emt 0:00:00]} 23. Bg5 {[%emt 0:00:01]} Re8 {[%emt 0:00:01]} 24. Bxf6 {[%emt 0:00:01]} gxf6 {[%emt 0:00:00]} 25. Rxf6 {[%emt 0:00:00] Uber_WING resigns (Lag: Av=0.44s, max=0.7s)} 1-0

[Event "Stay Safe Play From Home 274"]
[Site "Emanuel Lasker Arena"]
[Date "2020.07.03"]
[Round "6"]
[White "Weltszmerc"]
[Black "Lamborghini"]
[Result "0-1"]
[WhiteElo "2160"]
[BlackElo "2269"]
[PlyCount "94"]
[EventDate "2020.07.03"]
[EventType "swiss (blitz)"]

1. d4 {[%emt 0:00:02]} g6 {[%emt 0:00:01]} 2. c4 {[%emt 0:00:00]} Bg7 {[%emt 0:00:00]} 3. Nf3 {[%emt 0:00:00]} d6 {[%emt 0:00:01]} 4. g3 {[%emt 0:00:00]} Nf6 {[%emt 0:00:02]} 5. Bg2 {[%emt 0:00:00]} O-O {[%emt 0:00:00]} 6. O-O {[%emt 0:00:00]} c6 {[%emt 0:00:01]} 7. Nc3 {[%emt 0:00:00]} Qa5 {[%emt 0:00:01]} 8. e4 {[%emt 0:00:00]} Bg4 {[%emt 0:00:01]} 9. h3 {[%emt 0:00:00]} Bxf3 {[%emt 0:00:01]} 10. Bxf3 {[%emt 0:00:00]} Nfd7 {[%emt 0:00:00]} 11. Be3 {[%emt 0:00:02]} c5 {[%emt 0:00:01]} 12. d5 {[%emt 0:00:01]} a6 {[%emt 0:00:01]} 13. Be2 {[%emt 0:00:01]} b5 {[%emt 0:00:02]} 14. cxb5 {[%emt 0:00:01]} axb5 {[%emt 0:00:01]} 15. Nxb5 {[%emt 0:00:01]} Rc8 {[%emt 0:00:03]} 16. a4 {[%emt 0:00:02]} Na6 {[%emt 0:00:01]} 17. Bd2 {[%emt 0:00:04]} Nb4 {[%emt 0:00:01]} 18. Bc3 {[%emt 0:00:01]} Qd8 {[%emt 0:00:01]} 19. Bxg7 {[%emt 0:00:01]} Kxg7 {[%emt 0:00:01]} 20. Qd2 {[%emt 0:00:01]} Kg8 {[%emt 0:00:02]} 21. f4 {[%emt 0:00:01]} Nb6 {[%emt 0:00:01]} 22. b3 {[%emt 0:00:01]} Qd7 {[%emt 0:00:01]} 23. Kg2 {[%emt 0:00:03]} Rd8 {[%emt 0:00:07]} 24. Bc4 {[%emt 0:00:01]} Rac8 {[%emt 0:00:02]} 25. Rfd1 {[%emt 0:00:04]} Qe8 {[%emt 0:00:01]} 26. e5 {[%emt 0:00:01]} Qf8 {[%emt 0:00:01]} 27. exd6 {[%emt 0:00:05]} exd6 {[%emt 0:00:01]} 28. Re1 {[%emt 0:00:00]} Qg7 {[%emt 0:00:01]} 29. Rad1 {[%emt 0:00:02]} h5 {[%emt 0:00:03]} 30. Re7 {[%emt 0:00:01]} Qf6 {[%emt 0:00:03]} 31. Rde1 {[%emt 0:00:01]} Nxc4 {[%emt 0:00:05]} 32. bxc4 {[%emt 0:00:01]} Ra8 {[%emt 0:00:00]} 33. Qc3 {[%emt 0:00:08]} Qxc3 {[%emt 0:00:02]} 34. Nxc3 {[%emt 0:00:00]} Rdb8 {[%emt 0:00:01]} 35. Nb5 {[%emt 0:00:01]} Rxa4 {[%emt 0:00:02]} 36. Nxd6 {[%emt 0:00:01]} Ra2+ {[%emt 0:00:00]} 37. R1e2 {[%emt 0:00:03]} Rxe2+ {[%emt 0:00:01]} 38. Rxe2 {[%emt 0:00:00]} Nd3 {[%emt 0:00:00]} 39. Rd2 {[%emt 0:00:01]} Nb4 {[%emt 0:00:02]} 40. f5 {[%emt 0:00:00]} Rd8 {[%emt 0:00:00]} 41. Nb7 {[%emt 0:00:04]} Rd7 {[%emt 0:00:01]} 42. Nxc5 {[%emt 0:00:01]} Na2 {[%emt 0:00:00]} 43. Nxd7 {[%emt 0:00:01]} Kg7 {[%emt 0:00:00]} 44. c5 {[%emt 0:00:00]} gxf5 {[%emt 0:00:01]} 45. c6 {[%emt 0:00:00]} Nb4 {[%emt 0:00:00]} 46. c7 {[%emt 0:00:00]} Na6 {[%emt 0:00:00]} 47. c8=Q {[%emt 0:00:00]} Nc5 {[%emt 0:00:00] Czas partii (Lag: Av=0.74s, max=3.6s)} 0-1

[Event "Stay Safe Play From Home 274"]
[Site "Emanuel Lasker Arena"]
[Date "2020.07.03"]
[Round "6"]
[White "NeatFox"]
[Black "SoulofWolf"]
[Result "0-1"]
[WhiteElo "1993"]
[BlackElo "2216"]
[PlyCount "56"]
[EventDate "2020.07.03"]
[EventType "swiss (blitz)"]

1. g3 {[%emt 0:00:01]} c5 {[%emt 0:00:00]} 2. Bg2 {[%emt 0:00:00]} e6 {[%emt 0:00:00]} 3. c4 {[%emt 0:00:00]} Nf6 {[%emt 0:00:00]} 4. Qb3 {[%emt 0:00:02]} g6 {[%emt 0:00:01]} 5. d3 {[%emt 0:00:01]} Nc6 {[%emt 0:00:01]} 6. Nf3 {[%emt 0:00:00]} Bg7 {[%emt 0:00:00]} 7. Nc3 {[%emt 0:00:00]} O-O {[%emt 0:00:00]} 8. Ne4 {[%emt 0:00:00]} Nxe4 {[%emt 0:00:02]} 9. dxe4 {[%emt 0:00:00]} Na5 {[%emt 0:00:01]} 10. Qc2 {[%emt 0:00:01]} d5 {[%emt 0:00:01]} 11. cxd5 {[%emt 0:00:01]} exd5 {[%emt 0:00:00]} 12. e5 {[%emt 0:00:00]} b6 {[%emt 0:00:01]} 13. Bf4 {[%emt 0:00:04]} Bf5 {[%emt 0:00:01]} 14. Qd2 {[%emt 0:00:01]} Nc4 {[%emt 0:00:01]} 15. Qc1 {[%emt 0:00:01]} Re8 {[%emt 0:00:05]} 16. b3 {[%emt 0:00:00]} Nxe5 {[%emt 0:00:01]} 17. Nxe5 {[%emt 0:00:00]} Bxe5 {[%emt 0:00:00]} 18. Bxe5 {[%emt 0:00:01]} Rxe5 {[%emt 0:00:00]} 19. Qh6 {[%emt 0:00:01]} Qe7 {[%emt 0:00:04]} 20. Bf3 {[%emt 0:00:01]} Be4 {[%emt 0:00:03]} 21. O-O {[%emt 0:00:01]} Bxf3 {[%emt 0:00:02]} 22. exf3 {[%emt 0:00:00]} Re8 {[%emt 0:00:01]} 23. Rad1 {[%emt 0:00:02]} Rh5 {[%emt 0:00:01]} 24. Qf4 {[%emt 0:00:02]} Qe6 {[%emt 0:00:01]} 25. Qc7 {[%emt 0:00:01]} Qh3 {[%emt 0:00:01]} 26. Rfe1 {[%emt 0:00:03]} Qxh2+ {[%emt 0:00:00]} 27. Kf1 {[%emt 0:00:00]} Qh3+ {[%emt 0:00:00]} 28. Kg1 {[%emt 0:00:01]} Qh1# {[%emt 0:00:01] (Lag: Av=0.32s, max=0.5s)} 0-1

[Event "Stay Safe Play From Home 274"]
[Site "Emanuel Lasker Arena"]
[Date "2020.07.03"]
[Round "6"]
[White "SecantFX"]
[Black "The Next Contender"]
[Result "0-1"]
[WhiteElo "1948"]
[BlackElo "1989"]
[PlyCount "156"]
[EventDate "2020.07.03"]
[EventType "swiss (blitz)"]

1. g3 {[%emt 0:00:00]} d5 {[%emt 0:00:00]} 2. Bg2 {[%emt 0:00:01]} c5 {[%emt 0:00:00]} 3. f4 {[%emt 0:00:00]} e6 {[%emt 0:00:00]} 4. Nf3 {[%emt 0:00:00]} Nf6 {[%emt 0:00:00]} 5. c3 {[%emt 0:00:00]} g6 {[%emt 0:00:00]} 6. O-O {[%emt 0:00:00]} Bg7 {[%emt 0:00:00]} 7. e3 {[%emt 0:00:00]} O-O {[%emt 0:00:00]} 8. d4 {[%emt 0:00:00]} Nc6 {[%emt 0:00:00]} 9. Nbd2 {[%emt 0:00:01]} cxd4 {[%emt 0:00:00]} 10. exd4 {[%emt 0:00:00]} b6 {[%emt 0:00:01]} 11. Re1 {[%emt 0:00:00]} Bb7 {[%emt 0:00:01]} 12. Ne5 {[%emt 0:00:00]} Rc8 {[%emt 0:00:01]} 13. Nxc6 {[%emt 0:00:01]} Bxc6 {[%emt 0:00:00]} 14. Nf3 {[%emt 0:00:00]} Nd7 {[%emt 0:00:01]} 15. a3 {[%emt 0:00:01]} Qc7 {[%emt 0:00:03]} 16. Ne5 {[%emt 0:00:01]} Nxe5 {[%emt 0:00:01]} 17. fxe5 {[%emt 0:00:00]} Qd7 {[%emt 0:00:01]} 18. Bg5 {[%emt 0:00:01]} f6 {[%emt 0:00:01]} 19. exf6 {[%emt 0:00:01]} Bxf6 {[%emt 0:00:00]} 20. Bh6 {[%emt 0:00:01]} Bg7 {[%emt 0:00:01]} 21. Bg5 {[%emt 0:00:01]} Bf6 {[%emt 0:00:02]} 22. Bh6 {[%emt 0:00:01]} Bg7 {[%emt 0:00:00]} 23. Bg5 {[%emt 0:00:01]} Rf7 {[%emt 0:00:01]} 24. Bh3 {[%emt 0:00:01]} Re8 {[%emt 0:00:02]} 25. Re2 {[%emt 0:00:01]} Qd6 {[%emt 0:00:02]} 26. Bf4 {[%emt 0:00:01]} Qf8 {[%emt 0:00:01]} 27. Qe1 {[%emt 0:00:01]} Bd7 {[%emt 0:00:00]} 28. Qd2 {[%emt 0:00:03]} Rf6 {[%emt 0:00:01]} 29. Rf1 {[%emt 0:00:01]} h6 {[%emt 0:00:02]} 30. Bxh6 {[%emt 0:00:04]} Rxf1+ {[%emt 0:00:01]} 31. Bxf1 {[%emt 0:00:01]} Bxh6 {[%emt 0:00:00]} 32. Qe1 {[%emt 0:00:03]} Bg7 {[%emt 0:00:01]} 33. Rf2 {[%emt 0:00:01]} Qe7 {[%emt 0:00:01]} 34. Qe2 {[%emt 0:00:01]} Rf8 {[%emt 0:00:00]} 35. Bg2 {[%emt 0:00:01]} Rxf2 {[%emt 0:00:01]} 36. Qxf2 {[%emt 0:00:00]} Qf6 {[%emt 0:00:00]} 37. Qe2 {[%emt 0:00:01]} Qf5 {[%emt 0:00:00]} 38. h4 {[%emt 0:00:01]} Bh6 {[%emt 0:00:01]} 39. Kh2 {[%emt 0:00:01]} Kf7 {[%emt 0:00:04]} 40. Bh3 {[%emt 0:00:01]} Qf6 {[%emt 0:00:01]} 41. g4 {[%emt 0:00:02]} Bf8 {[%emt 0:00:01]} 42. g5 {[%emt 0:00:01]} Qf4+ {[%emt 0:00:01]} 43. Kg2 {[%emt 0:00:01]} Bd6 {[%emt 0:00:00]} 44. Kg1 {[%emt 0:00:02]} Qg3+ {[%emt 0:00:01]} 45. Qg2 {[%emt 0:00:00]} Qxg2+ {[%emt 0:00:01]} 46. Kxg2 {[%emt 0:00:01]} Ke7 {[%emt 0:00:01]} 47. Bg4 {[%emt 0:00:01]} e5 {[%emt 0:00:01]} 48. Bf3 {[%emt 0:00:00]} e4 {[%emt 0:00:01]} 49. Be2 {[%emt 0:00:01]} Bf5 {[%emt 0:00:00]} 50. Kf2 {[%emt 0:00:01]} Bf4 {[%emt 0:00:01]} 51. Ke1 {[%emt 0:00:01]} Bc1 {[%emt 0:00:01]} 52. Kd1 {[%emt 0:00:00]} Bxb2 {[%emt 0:00:00]} 53. c4 {[%emt 0:00:00]} dxc4 {[%emt 0:00:02]} 54. Bxc4 {[%emt 0:00:01]} Bxa3 {[%emt 0:00:00]} 55. Kc2 {[%emt 0:00:00]} Bb4 {[%emt 0:00:01]} 56. Kb3 {[%emt 0:00:00]} a5 {[%emt 0:00:00]} 57. d5 {[%emt 0:00:00]} Kd6 {[%emt 0:00:01]} 58. Ka4 {[%emt 0:00:01]} Bc5 {[%emt 0:00:00]} 59. Kb5 {[%emt 0:00:00]} e3 {[%emt 0:00:00]} 60. Be2 {[%emt 0:00:01]} Be4 {[%emt 0:00:01]} 61. h5 {[%emt 0:00:00]} gxh5 {[%emt 0:00:01]} 62. Bxh5 {[%emt 0:00:01]} Bxd5 {[%emt 0:00:00]} 63. g6 {[%emt 0:00:01]} Bg8 {[%emt 0:00:01]} 64. g7 {[%emt 0:00:01]} Ke5 {[%emt 0:00:00]} 65. Be2 {[%emt 0:00:00]} Kf6 {[%emt 0:00:00]} 66. Kc6 {[%emt 0:00:00]} Kxg7 {[%emt 0:00:00]} 67. Kd7 {[%emt 0:00:01]} Bb3 {[%emt 0:00:00]} 68. Ke8 {[%emt 0:00:00]} a4 {[%emt 0:00:00]} 69. Bc4 {[%emt 0:00:01]} a3 {[%emt 0:00:00]} 70. Bxb3 {[%emt 0:00:00]} e2 {[%emt 0:00:01]} 71. Ba2 {[%emt 0:00:00]} e1=Q+ {[%emt 0:00:00]} 72. Be6 {[%emt 0:00:00]} Qxe6+ {[%emt 0:00:01]} 73. Kd8 {[%emt 0:00:01]} Qe7+ {[%emt 0:00:00]} 74. Kc8 {[%emt 0:00:00]} Kf6 {[%emt 0:00:00]} 75. Kb8 {[%emt 0:00:01]} Ke6 {[%emt 0:00:00]} 76. Ka8 {[%emt 0:00:00]} Kd6 {[%emt 0:00:00]} 77. Kb8 {[%emt 0:00:00]} Kc6 {[%emt 0:00:00]} 78. Ka8 {[%emt 0:00:00]} Qb7# {[%emt 0:00:01] (Lag: Av=0.55s, max=1.1s)} 0-1